| 000 | 00747na a2200241 4500 | ||
|---|---|---|---|
| 001 | 13256 | ||
| 003 | MIRAKIL | ||
| 005 | 20181213154759.0 | ||
| 008 | 161012b tu 000 0 | ||
| 020 | _a9786058457706 | ||
| 035 | _a13256 | ||
| 040 |
_aMilas _btur _cTR-AnCHP |
||
| 082 |
_a303.482 _bB84 [t.y.] |
||
| 090 | _a303.482 B84 [t.y.] | ||
| 245 |
_aBulgaristan Türkleri'ne soya dönüş işkencesi _bAsimilasyon ve göç _cRumeli Balkan Stratejik Araştırmalar Merkezi |
||
| 246 | _aAsimilasyon ve göç | ||
| 260 |
_aİstanbul _bRUBASAM _c[t.y.] |
||
| 300 |
_a151 s. _c21 sm. |
||
| 650 |
_aBulgaristan _xTürkler _yTarih |
||
| 650 |
_aGöç _xAsimilasyon |
||
| 710 | _aRumeli Balkan Stratejik Araştırmalar Merkezi | ||
| 942 |
_2dcc _cBKS |
||
| 999 |
_c747 _d747 |
||